| 000 | 05639cam a2201141 4500 | ||
|---|---|---|---|
| 001 | L123103 | ||
| 008 | 030723n2003 000 0 eng u | ||
| 020 | _a1842191489 | ||
| 035 | _a(Sirsi) u123103 | ||
| 041 | _aeng | ||
| 050 |
_a690.072 _c18 |
||
| 110 |
_aConstruction and Building Research Conference _n(8th _d2003) _94501 |
||
| 245 |
_aConstruction and Building Research _bproceedings of RICS COBRA 2003, 1-2 September 2003 |
||
| 260 |
_aLondon _bRICS Foundation _c2003 |
||
| 300 | _a181p. | ||
| 490 |
_aCOBRA _v2003 |
||
| 505 | _aAn expert system as a potential decision-making tool in the valuation of variations | ||
| 505 | _aAn investigation into the value management services offered by UK cost consultants | ||
| 505 | _aAn evaluation of the viability of photovoltaics in residential schemes managed by UK registered social landlords | ||
| 505 | _aAn information capture and processing model for hybrid concrete performance simulation | ||
| 505 | _aA memory-based problem solving system | ||
| 505 | _aA proposal for achieving sustainability in construction projects through concurrent engineering | ||
| 505 | _aAn investigation into the influence of design and build procurement methods on client value for money | ||
| 505 | _aAn investigation into the influence of design and build procurement methods on client value for money | ||
| 505 | _aAddressing the subjective view of value delivery | ||
| 505 | _aAnalysis of the impact of the European construction products directive on the UK brick manufacturers | ||
| 505 | _aThe development of a theoretical framework for briefing using a value management approach | ||
| 505 | _aSelecting designers using the Performance Information Procurement System (PIPS) | ||
| 505 | _aTime dependent behaviour of embankment reinforced with limited life geotextiles | ||
| 505 | _aBehavioral outcomes in participative value management process | ||
| 505 | _aUse of the performance information as a minimum qualification | ||
| 505 | _aPost completion risk transfer audits: an analytical risk management tool using social network analysis | ||
| 505 | _aThe use of performance information as a minimum qualification | ||
| 505 | _aThe objective assessment of structural steelwork in swimming pool environments | ||
| 505 | _aMethods of drying flooded domestic properties: the perceptions of UK building surveyors | ||
| 505 | _aMuda in social housing maintenance | ||
| 505 | _aFrom condition to performance assessment of built components | ||
| 505 | _aThe respect for people initiative - mere rhetoric or a new epoch in British construction | ||
| 505 | _aHousing maintenance and human health: a conceptual framework of housing conditions and health inequalities | ||
| 505 | _aProfessional ethics for surveyors and construction project performance: what we need to kmnow | ||
| 505 | _aOlders workers in South African construction: General Contractor (GC) perceptions | ||
| 505 | _aCapitalising on the potential role of IT in teamworking in concurrent engineering initiatives in construction | ||
| 505 | _aEnhancing construction/off-highway plant productivity through web-based information management | ||
| 505 | _aCost savings from electronic document management systems: the hard facts | ||
| 505 | _aRisk mangement on variations - two civil engineering case studies | ||
| 505 | _aThe role of trust in negotiating pareto-optimal solutions in dispute resolution | ||
| 505 | _aUsing CBR to improve knowledge intensive business processes in the construction supply chains | ||
| 505 | _aCharacterisation of the Portuguese R and M construction market: a special focus on heritage buildings | ||
| 505 | _aBenchmarking innovation in public private partnership schemes | ||
| 505 | _aCritical success factors in Malaysian construction joint venture projects | ||
| 505 | _aMoving towards more sustainable construction | ||
| 505 | _aWhole-life management of buildings: towards closing the feedback loop | ||
| 505 | _aEconomic challenges of sustainable construction | ||
| 505 | _aStrategic objectives of firms within a UK construction paradigm: the impact on the micro-enterprise objectives | ||
| 505 | _aBiologically based CAD tool | ||
| 650 | _aCOBRA | ||
| 690 | _aBUILT ENVIRONMENT | ||
| 700 | _aSutrisna, Monty | ||
| 700 | _aEllis, R. C. T. | ||
| 700 | _aWilkinson, Sara J. | ||
| 700 | _aProverbs, D. | ||
| 700 | _aBartolo, H. M. G. | ||
| 700 | _aKashyap, M. | ||
| 700 | _aAbrahams, Kevin | ||
| 700 | _aThomson, Derek S. | ||
| 700 | _aBorthwick, F. | ||
| 700 | _aKelly, John | ||
| 700 | _aKashiwagi, Dean | ||
| 700 | _aMwasha, A. | ||
| 700 | _aLeung, Mei-Yung | ||
| 700 | _aPryke, Stephen D. | ||
| 700 | _aClarke, R. | ||
| 700 | _aSoetanto, Robby | ||
| 700 | _aSharp, Mark | ||
| 700 | _aUmeadi, B. B. N. | ||
| 700 | _aMcCabe, Steven | ||
| 700 | _aOluwoye, J. | ||
| 700 | _aPoon, Joanna | ||
| 700 | _aSmallwood, J. J. | ||
| 700 | _aEgbu, Charles O. | ||
| 700 | _aOloke, D. A. | ||
| 700 | _aCraig, Nigel | ||
| 700 | _aPotts, Keith | ||
| 700 | _aBass, Colleen | ||
| 700 | _aRibeiro, Francisco Loforte | ||
| 700 | _aOliveira, R. | ||
| 700 |
_aChinyio, Ezekiel _cDr |
||
| 700 | _aAdnan, Hamimah | ||
| 700 | _aZainul-Abidin, N. | ||
| 700 | _aKishk, Mohammed | ||
| 700 | _aZhou, Lei | ||
| 700 | _aSommerville, James | ||
| 700 | _aMcCarney, Michael | ||
| 700 | _aAlves, N. M. F. | ||
| 710 |
_aRoyal Institution of Chartered Surveyors _bFoundation _94173 |
||
| 710 |
_aUniversity of Wolverhampton, School of Engineering and the Built Environment _94726 |
||
| 942 | _n0 | ||
| 999 |
_c103002 _d103002 |
||